Tres momentos de la coyuntura salvadoreña: octubre de 1979
Guardat en:
| Format: | Text |
|---|---|
| Matèries: | |
| Etiquetes: |
Afegir etiqueta
Sense etiquetes, Sigues el primer a etiquetar aquest registre!
|
MARC
| LEADER | 00000 a a2200000 04500 | ||
|---|---|---|---|
| 001 | 18050 | ||
| 003 | |||
| 040 | |||
| 245 | |a Tres momentos de la coyuntura salvadoreña: |b octubre de 1979 | ||
| 650 | |a BURGUESIA | ||
| 650 | |a GOLPES DE ESTADO | ||
| 650 | |a EL SALVADOR | ||
| 773 | |g volumen 5, número 19; páginas 225-227 | ||
| 999 | |c 22075 |d 22075 | ||
| 773 | 0 | |0 42391 |9 3901 |a Agencia Latinoamericana de Información, ALAI |d Quito, Ecuador: ALAI |o 04422 |t ALAI: |x 08275564 (Servicio mensual de información y documentación) | |
